[Event "Ch Croatia (team) (2nd league)"]
[Site "masterchessopen.com Croatia"]
[Date "2005.03.19"]
[Round "1"]
[White "Toth Andras (HUN)"]
[Black "Jovanovic Milenko (CRO)"]
[Result "1-0"]
[WhiteElo "2437"]
[BlackElo "2250"]

1.e4 e5 2.Nf3 Nc6 3.Bb5 a6 4.Ba4 Nf6 5.O-O b5 6.Bb3 Be7 7.Re1 d6 8.c3 O-O 9.h3
Na5 10.Bc2 c5 11.d4 cxd4 12.cxd4 Nc6 13.Nbd2 Re8 14.a3 Bf8 15.d5 Ne7 16.b4 g6
17.Nb3 Nh5 18.Na5 Nf4 19.Bxf4 exf4 20.Qd2 Bg7 21.Rac1 Qb6 22.Bb3 Bd7 23.Qxf4
Rac8 24.Nc6 Nxc6 25.dxc6 Be6 26.Bd5 h6 27.Qxd6 Red8 28.Qf4 Bxd5 29.exd5 Rxd5
30.Re7 Rf5 31.Qe4 Kh7 32.c7 Rf6 33.Qd5 Rf5 34.Qd7 {#r} 1-0

[Event "It \"]
[Site "masterchessopen.com Connecticut (USA)"]
[Date "2005.03.25"]
[Round "5"]
[White "Schneider Igor (USA)"]
[Black "Milman Lev (USA)"]
[Result "0-1"]
[WhiteElo "2350"]
[BlackElo "2478"]

1.e4 e5 2.Nf3 Nc6 3.Bb5 a6 4.Ba4 Nf6 5.O-O Be7 6.Re1 b5 7.Bb3 d6 8.c3 O-O 9.h3
Na5 10.Bc2 c5 11.d4 Nd7 12.b3 exd4 13.cxd4 Nc6 14.Nc3 cxd4 15.Nd5 Nc5 16.Nxd4
Nxd4 17.Qxd4 Bb7 18.Nxe7+ Qxe7 19.Ba3 Rfd8 20.Rad1 Qg5 21.Kh1 Re8 22.Bb1 d5
23.Bb2 f6 {#R} 0-1

[Event "It (open) \"]
[Site "masterchessopen.com Neiva (Colombia)"]
[Date "2005.05.14"]
[Round "8"]
[White "Uribe Mauricio (COL)"]
[Black "Hernandez Fierro Rodrigo (COL)"]
[Result "1-0"]
[WhiteElo "2348"]
[BlackElo "2196"]

1.e4 e5 2.Nf3 Nc6 3.Bb5 a6 4.Ba4 Nf6 5.O-O b5 6.Bb3 Be7 7.Re1 O-O 8.h3 d6 9.c3
Na5 10.Bc2 c5 11.d4 Nc6 12.d5 Nb8 13.b3 Nbd7 14.Nbd2 g6 15.Nf1 Nh5 16.Bh6 Ng7
17.g4 f6 18.Ng3 Qa5 19.a4 b4 20.c4 Qd8 21.Qd2 Rf7 22.Be3 Qe8 23.Kh2 {#r} 1-0

[Event "Ch SCG (team)"]
[Site "masterchessopen.com Herceg Novi (Montenegro)"]
[Date "2005.05.18"]
[Round "4"]
[White "Perunovic Milos (SRB)"]
[Black "Somborski Nebojsa (SRB)"]
[Result "0-1"]
[WhiteElo "2514"]
[BlackElo "2398"]

1.e4 e5 2.Nf3 Nc6 3.Bb5 a6 4.Ba4 Nf6 5.O-O Be7 6.Re1 b5 7.Bb3 d6 8.c3 O-O 9.h3
Na5 10.Bc2 c5 11.d4 Bb7 12.Nbd2 cxd4 13.cxd4 exd4 14.Nxd4 Re8 15.b3 Rc8 16.Bb2
Bf8 17.Qf3 Nd7 18.Rad1 g6 19.Bb1 Bg7 20.Nf1 d5 21.Ng3 Qb6 22.Re2 dxe4 23.Bxe4
Nf6 24.Bxb7 Qxb7 25.Rxe8+ Rxe8 26.Qc3 Qb6 27.Qc1 Nb7 28.Nc6 Nd8 29.Ne5 Ne6
30.Qa1 Qb7 31.Nxg6 hxg6 32.Bxf6 Nf4 33.f3 Qb6+ 34.Bd4 Re1+ {#R} 0-1

[Event "Cup Croatia (team)"]
[Site "masterchessopen.com Sibenik (Croatia)"]
[Date "2005.06.01"]
[Round "4"]
[White "Palac Mladen (CRO)"]
[Black "Nikolac Juraj (CRO)"]
[Result "1-0"]
[WhiteElo "2571"]
[BlackElo "2416"]

{ Palac Mladen (CRO) +0 =2 -0 Nikolac Juraj (CRO) +0 =0 -2 } 1.e4 e5 2.Nf3 Nc6
3.Bb5 a6 4.Ba4 Nf6 5.O-O Be7 6.Re1 b5 7.Bb3 d6 8.c3 O-O 9.h3 Na5 10.Bc2 c5
11.d4 Nd7 12.Nbd2 { ? } ( 12.d5 Nb6 13.g4 h5 14.Nh2 Bg5 15.Nd2 hxg4 16.hxg4
Qf6 17.Ndf3 Bxc1 18.Qxc1 Bxg4 19.Nxe5 Bh3 20.Qe3 Qxe5 21.Qxh3 g6 22.Qh6 Qg7
23.Qh4 { 1-0, Christiansen Larry M 2532 - Milman Lev 2434 , Parsippany 21.
3.2005 Ch Amateur Team (East) } ) 12...exd4 ( 12...cxd4 13.cxd4 Nc6 14.Nf1
exd4 15.Nxd4 Nxd4 16.Qxd4 Ne5 17.Qd1 Bf6 18.Ne3 g6 19.Bd2 Be6 20.Bb4 Nc6
21.Bc3 Bxc3 22.bxc3 Rc8 23.Bb3 Ne5 24.f4 Nc4 25.Bxc4 Bxc4 26.Qd4 h5 27.a4 Qh4
28.axb5 axb5 29.f5 Qg3 30.Red1 Qe5 31.Ra6 Bb3 32.Rd3 { ...1-0, Nikolic
Stanimir 2284 - Nikolac Juraj 2410 , Novi Sad 1965 Tournament } ) 13.cxd4 Nc6
14.d5 Nce5 15.a4 { = } 15...Rb8 ( 15...Bb7 16.Nxe5 Nxe5 17.f4 Ng6 18.Nf3 Nh4 {
-0.15 CAP } ) 16.axb5 ( 16.Nh2 Ng6 17.Ndf1 Bg5 18.Ne3 Nf6 19.Nf3 Bf4 20.axb5
axb5 21.b4 Re8 22.Nf1 Nd7 23.Bxf4 Nxf4 24.Ne3 cxb4 25.Rb1 Nc5 26.Rxb4 Qf6
27.Ng4 Qc3 28.Rb1 Bd7 29.Re3 Qc4 30.Rc1 Rbc8 31.Bb1 Qa4 32.Qe1 b4 33.Rd1 f6
34.Rd4 Bxg4 35.hxg4 Qd7 { ...1/2-1/2, Bologan Viktor 2669 - Stefansson Hannes
2549 , Moscow 22. 2.2004 It (open) "Aeroflot" } ) ( 16.b3 Bf6 17.Ra2 Nxf3+
18.Nxf3 Ne5 19.Bf4 Qe7 20.Nxe5 Bxe5 21.Qd2 Re8 22.axb5 axb5 23.Bd3 Bd7 24.Bxe5
Qxe5 25.Ra7 Re7 26.f4 Qd4+ 27.Qe3 Qxe3+ 28.Rxe3 f6 29.Ra6 Rbe8 30.Rxd6 Bf5
31.Bxb5 Rxe4 32.Bxe8 Rxe3 33.Rd8 Rxe8 34.Rxe8+ Kf7 35.Re3 Bd7 { ...1-0,
Spangenberg Hugo 2495 - Slipak Sergio 2502 , Buenos Aires 2002 Memorial
M.Najdorf (final) } ) 16...axb5 17.Nh2 ( 17.Nxe5 Nxe5 18.f4 Ng6 19.Nf3 Bh4
20.Nxh4 Qxh4 21.f5 { 1/2-1/2, Palac Mladen 2591 - Hracek Zbynek 2601 , Medulin
2002 Ch Croatia (team) } 21...Ne5 22.Rf1 Bd7 23.Qe1 { +0.41 CAP } ) ( 17.Nb3
Nxf3+ 18.Qxf3 Bf6 19.Na5 Qb6 20.Qg3 Bb7 21.Nxb7 Rxb7 22.Ra2 Be5 23.Qg4 {
1/2-1/2, Chandler Murray G 2531 - Davies Nigel R 2523 , England 18. 1.2004 Ch
England (team) 2003/04 } ) 17...Bg5 ( 17...Ng6 18.g3 Nf6 19.h4 h5 20.b3 Ng4
21.Ndf3 Bf6 22.Ra2 N6e5 23.Nxe5 Bxe5 24.Nf3 Bc3 25.Bd2 Qf6 26.e5 Nxe5 27.Nxe5
Bxd2 28.Qxd2 dxe5 29.Qe3 Bd7 30.Qxc5 Rfe8 31.Be4 Bf5 32.Rae2 Bg4 33.Rd2 Rec8
34.Qb4 Bf5 35.d6 Rd8 36.Bxf5 Qxf5 37.Qc5 { ...1-0, Karjakin Sergey 2576 -
Fressinet Laurent 2640 , Internet 5. 6.2004 It (blitz) (octofinal) } ) (
17...Qb6 18.Ndf1 { -0.29 CAP } ) 18.g3 { +0.37 CAP ^00 ^01 ^00 ^00 ^00 ^05
Bg5f6 ^00 ^00 ^00 ^01 ^00 ^05 Bg5f6 ^254 ^00 ^00 ^00 ^128 } 18...Bf6 { N ^254
^00 ^00 ^00 ^04 ! } ( 18...Bxd2 19.Bxd2 Nf6 20.g4 h5 21.f4 Nc4 22.Bc1 hxg4
23.hxg4 b4 24.g5 Nh7 25.b3 Na3 26.Bxa3 bxa3 27.Rxa3 g6 28.Kg2 f6 29.e5 fxe5
30.Bxg6 Bf5 31.Qh5 Rb7 32.Bxf5 Rxf5 33.Qg6+ Rg7 34.Qxf5 Nxg5 35.Ng4 Nf7 36.Kf3
exf4 37.Nf6+ Kf8 38.Re8+ { ...1-0, Motylev Alexander 2651 - Adams Michael 2740
, Internet 28.12.2004 Cup Russia "Chess Planet" (final) (blitz) } ) 19.Ra2 g5
20.Qh5 Bg7 21.Ndf3 h6 { ?! } ( 21...Nf6 { !? } 22.Qxg5 h6 23.Qd2 Nc4 { } )
22.Nxe5 dxe5 23.Ng4 Rb6 24.Be3 Rg6 25.b4 { ?! } ( 25.Rea1 { !? } 25...c4
26.Ra7 Nf6 27.Nxf6+ { } ) 25...cxb4 26.Rb1 Qc7 27.Bd3 Ba6 28.Rc2 Qb8 { ? } ( {
? } 28...Qd8 29.Rxb4 Qa5 30.Bd2 Qa3 { } ) 29.Rc6 Rxc6 30.dxc6 Qd6 31.cxd7 Qxd3
32.Nxh6+ Bxh6 33.Rd1 Qxe4 34.Qxh6 { } {#r} 1-0

[Event "It (open)"]
[Site "masterchessopen.com Aviles (Spain)"]
[Date "2005.08.09"]
[Round "4"]
[White "Almeida Toledano Daniel (ESP)"]
[Black "Olszewski Michal (POL)"]
[Result "0-1"]
[WhiteElo "2225"]
[BlackElo "2414"]

1.e4 e5 2.Nf3 Nc6 3.Bb5 a6 4.Ba4 Nf6 5.O-O Be7 6.Re1 b5 7.Bb3 d6 8.c3 O-O 9.h3
Na5 10.Bc2 c5 11.d4 Nd7 12.Nbd2 exd4 13.cxd4 Nc6 14.d5 Nce5 15.Nxe5 Nxe5 16.f4
Ng6 17.Nf3 Bh4 18.Rf1 Bg3 19.f5 Ne5 20.b3 Nxf3+ 21.Qxf3 Be5 22.Rb1 Qe7 23.Be3
a5 24.g4 f6 25.h4 b4 26.Rf2 Ba6 27.g5 c4 28.Qh5 cxb3 29.axb3 Rac8 30.Rg2 Rc3
31.g6 h6 32.Bxh6 gxh6 {#R} 0-1

[Event "Ch Slovenia"]
[Site "masterchessopen.com Ptuj (Slovenia)"]
[Date "2005.08.17"]
[Round "7"]
[White "Leban Slavko (SRB)"]
[Black "Grobovsek Ivan (SLO)"]
[Result "0-1"]
[WhiteElo "2400"]
[BlackElo "2019"]

1.e4 e5 2.Nf3 Nc6 3.Bb5 Nf6 4.O-O d6 5.Re1 Be7 6.c3 O-O 7.h3 a6 8.Ba4 b5 9.Bb3
Na5 10.Bc2 h6 11.d3 c5 12.Nbd2 Be6 13.d4 cxd4 14.cxd4 exd4 15.Nxd4 Rc8 16.b3
Nc6 17.Bb2 Nxd4 18.Bxd4 Nd7 19.Nf1 Bf6 20.Rc1 Bxd4 21.Qxd4 Qg5 22.Re3 Qe5
23.Qd2 Rc6 24.Rg3 Rfc8 25.f4 Qb2 26.Ne3 Nf6 27.f5 Nxe4 28.Nc4 Nxd2 29.Nxb2
Rxc2 30.Rxc2 Rxc2 31.fxe6 fxe6 {#R} 0-1

[Event "It (open)"]
[Site "masterchessopen.com Hamburg (Germany)"]
[Date "2005.10.02"]
[Round "2"]
[White "Lingnau Diethardt (GER)"]
[Black "Pragua Christoph (GER)"]
[Result "0-1"]
[WhiteElo "1902"]
[BlackElo "2126"]

1.e4 e5 2.Nf3 Nc6 3.Bb5 a6 4.Ba4 Nf6 5.O-O Be7 6.Re1 b5 7.Bb3 d6 8.c3 O-O 9.h3
Na5 10.Bc2 c5 11.d4 Nd7 12.dxc5 dxc5 13.Nbd2 Qc7 14.Nf1 Re8 15.Ne3 Nf6 16.Nd5
Nxd5 17.exd5 Bf6 18.Nd2 Bb7 19.Ne4 Qd8 20.Qd3 g6 21.Qf3 Bg7 22.Bg5 Qxd5
23.Rad1 Qc6 24.Nf6+ Bxf6 25.Be4 Bxg5 26.Bxc6 Bxc6 27.Qg4 Bh6 28.Qh4 Bf8 29.Re2
Nb7 30.Qf6 Re6 31.Qg5 Rae8 32.Red2 c4 {#R} 0-1

[Event "It (open)"]
[Site "masterchessopen.com Hamburg (Germany)"]
[Date "2005.10.04"]
[Round "4"]
[White "Meise Leonard (GER)"]
[Black "Pragua Christoph (GER)"]
[Result "0-1"]
[WhiteElo "1940"]
[BlackElo "2126"]

1.e4 e5 2.Nf3 Nc6 3.Bb5 a6 4.Ba4 Nf6 5.O-O Be7 6.Re1 b5 7.Bb3 d6 8.c3 O-O 9.h3
Na5 10.Bc2 c5 11.d4 Nd7 12.Nbd2 cxd4 13.cxd4 Nc6 14.Nf1 exd4 15.Nxd4 Nde5
16.Ne3 Nxd4 17.Qxd4 Bxh3 18.Nd5 Rc8 19.Bb3 Be6 20.Bf4 Bf6 21.Nxf6+ Qxf6 22.Qd2
h6 23.Bd1 Nc4 24.Qc1 Nxb2 25.Qe3 Nc4 26.e5 dxe5 27.Bxe5 Nxe3 28.Bxf6 Nxd1 {#R}
0-1

[Event "Ch Chess Club"]
[Site "masterchessopen.com Tula (Russia)"]
[Date "2005.10.15"]
[Round "1"]
[White "Rodionov Alexander (RUS)"]
[Black "Kramorev Yuri (RUS)"]
[Result "1-0"]
[WhiteElo "1791"]
[BlackElo "1959"]

1.e4 e5 2.Nf3 Nc6 3.Bb5 a6 4.Ba4 Nf6 5.O-O Be7 6.Re1 b5 7.Bb3 O-O 8.h3 d6 9.c3
Na5 10.Bc2 c5 11.d4 cxd4 12.cxd4 Qc7 13.Nc3 h6 14.Nd5 Nxd5 15.exd5 exd4
16.Nxd4 Nc4 17.Qd3 f5 18.Qg3 Kh7 19.Re6 Ne5 20.Bxh6 Bf6 21.Bxf5+ Kh8 22.Bg5
Bxg5 23.Qxg5 g6 24.Rc1 Qh7 25.Re7 Qh5 26.Qxh5+ gxh5 27.Be6 Bxe6 28.dxe6 Rxf2
29.Rcc7 Rf6 30.Rh7+ Kg8 31.Rcg7+ Kf8 32.e7+ {#r} 1-0

[Event "It (open)"]
[Site "masterchessopen.com Las Palmas (Spain)"]
[Date "2005.11.25"]
[Round "1"]
[White "Bellia Fabrizio (ITA)"]
[Black "Fernandez De La Hoz Carlos (ESP)"]
[Result "1-0"]
[WhiteElo "2390"]
[BlackElo "1863"]

1.e4 e5 2.Nf3 Nc6 3.Bb5 a6 4.Ba4 Nf6 5.O-O b5 6.Bb3 Be7 7.Re1 O-O 8.h3 d6 9.c3
Na5 10.Bc2 c5 11.d4 Nc6 12.d5 Na7 13.a4 Bd7 14.Nbd2 c4 15.Nf1 Ne8 16.Be3 Qb8
17.Qd2 f5 18.exf5 Bxf5 19.Bxf5 Rxf5 20.Ng3 Rxf3 21.gxf3 Nc8 22.f4 Bf6 23.fxe5
dxe5 24.d6 Ncxd6 25.Qd5+ Nf7 26.axb5 Nc7 27.Qxc4 Nxb5 28.Red1 Nd6 29.Qc6 a5
30.b4 Bd8 31.Bc5 Nb5 32.Qe8# 1-0

[Event "It \"]
[Site "masterchessopen.com Greece"]
[Round "0"]
[White "Drosakis Nikolaos (GRE)"]
[Black "Harokopakis Georgios (GRE)"]
[Result "1-0"]
[WhiteElo "2009"]
[BlackElo "1893"]

1.e4 e5 2.Nf3 Nc6 3.Bb5 a6 4.Ba4 Nf6 5.O-O Be7 6.Re1 b5 7.Bb3 d6 8.c3 O-O 9.h3
Na5 10.Bc2 Re8 11.d4 Bb7 12.d5 c6 13.dxc6 Bxc6 14.Nbd2 Bf8 15.Nf1 h6 16.Ng3
Qc7 17.Qd3 g6 18.Nh4 Rad8 19.Ngf5 Kh7 20.Qf3 Re6 21.Ne3 Bd7 22.Nd5 Nxd5
23.exd5 Re7 24.Qf6 Nc4 25.Bxh6 Bxh6 26.Qxe7 Rf8 27.Nxg6 {#r} 1-0

[Event "Memorial C.Torre (open)"]
[Site "masterchessopen.com Merida (Mexico)"]
[Date "2005.12.17"]
[Round "4"]
[White "Estrada Nieto Julian (MEX)"]
[Black "Lopez Blancarte Vidzu (MEX)"]
[Result "1-0"]
[WhiteElo "2351"]
[BlackElo "2069"]

1.e4 e5 2.Nf3 Nc6 3.Bb5 a6 4.Ba4 Nf6 5.O-O b5 6.Bb3 Be7 7.Re1 O-O 8.h3 d6 9.c3
Na5 10.Bc2 c5 11.d3 Nc6 12.Nbd2 Ne8 13.Nf1 Be6 14.Ng3 Rc8 15.Bb3 Rc7 16.d4
cxd4 17.cxd4 exd4 18.Nxd4 Nxd4 19.Qxd4 Bxb3 20.axb3 Qc8 21.Bf4 Bf6 22.e5 dxe5
23.Bxe5 Rc2 24.Nh5 Bxe5 25.Rxe5 Rc1+ 26.Re1 Rxa1 27.Rxa1 Qe6 28.b4 g6 29.Nf4
Qd6 30.Nd5 h5 31.Re1 {#r} 1-0

[Event "Cup Porzellan"]
[Site "masterchessopen.com Dresden (Germany)"]
[Round "8"]
[White "Bologan Viktor (MDA)"]
[Black "Graf Alexander (GER)"]
[Result "1-0"]
[WhiteElo "2659"]
[BlackElo "2601"]

1.e4 e5 2.Nf3 Nc6 3.Bb5 a6 4.Ba4 Nf6 5.O-O Be7 6.Re1 b5 7.Bb3 O-O 8.h3 d6 9.c3
Na5 10.Bc2 c5 11.d4 Nd7 12.Kh1 exd4 13.cxd4 Bb7 14.Nc3 Rc8 15.Nd5 Bxd5 16.exd5
Nb6 17.dxc5 dxc5 18.Qd3 g6 19.Bh6 Bf6 20.Bxf8 Qxf8 21.a4 Nac4 22.axb5 axb5
23.Ra6 Rd8 24.Qb3 Nxd5 25.Qxb5 Nd2 26.Nxd2 Nc7 27.Qc4 Rd4 28.Rxf6 Rxc4 29.Nxc4
Nd5 30.Rf3 Nb4 31.Bb3 {#r} 1-0

[Event "Ch France (team) (nat.2) 2005/06"]
[Site "masterchessopen.com France"]
[Date "2006.01.14"]
[Round "5"]
[White "Bassard Edouard (FRA)"]
[Black "Pernoud Claire (FRA)"]
[Result "1-0"]
[WhiteElo "1941"]
[BlackElo "1740"]

1.e4 e5 2.Nf3 Nc6 3.Bb5 a6 4.Ba4 Nf6 5.O-O Be7 6.Re1 b5 7.Bb3 O-O 8.c3 d6 9.h3
Na5 10.Bc2 c5 11.d4 cxd4 12.cxd4 Nc6 13.Nc3 Bd7 14.Nd5 Rc8 15.dxe5 dxe5 16.a3
Be6 17.Bb3 Re8 18.Be3 Nd7 19.Rc1 Na5 20.Ba2 Nc4 21.Bxc4 bxc4 22.Qa4 Nc5
23.Bxc5 Bxc5 24.Red1 Bxd5 25.Rxd5 Qb6 26.Qc2 Bd6 27.Rcd1 Red8 28.Qc3 f6 29.Nd2
Bc5 30.Nxc4 Rxd5 31.Nxb6 Rxd1+ 32.Kh2 Rc7 33.Qb3+ Kf8 34.Qxd1 {#r} 1-0

[Event "It (open)"]
[Site "masterchessopen.com Coria del Rio (Spain)"]
[Date "2006.02.08"]
[Round "1"]
[White "Korneev Oleg (RUS)"]
[Black "Panadero Gallardo Francisco (ESP)"]
[Result "1-0"]
[WhiteElo "2657"]
[BlackElo "1751"]

1.e4 e5 2.Nf3 Nc6 3.Bb5 a6 4.Ba4 Nf6 5.O-O b5 6.Bb3 Be7 7.Re1 O-O 8.h3 d6 9.c3
Na5 10.Bc2 c5 11.d4 cxd4 12.cxd4 Qc7 13.Nc3 Bd7 14.Bg5 Rfd8 15.Bxf6 Bxf6
16.Nd5 Qb8 17.Qd2 Nc6 18.Nxf6+ gxf6 19.Qh6 Ne7 20.Qxf6 Ng6 21.Bb3 Rf8 22.Qg5
Qd8 23.Rad1 Qxg5 24.Nxg5 Rad8 25.dxe5 dxe5 26.Rd6 h6 27.Rxg6+ {#r} 1-0

[Event "Bundesliga (2nd) 2005/06 (w)"]
[Site "masterchessopen.com Germany"]
[Date "2006.03.04"]
[Round "6"]
[White "Lenk Sandra (GER)"]
[Black "Ohme Kerstin (GER)"]
[Result "1-0"]
[WhiteElo "1925"]
[BlackElo "1758"]

1.e4 e5 2.Nf3 Nc6 3.Bb5 a6 4.Ba4 Nf6 5.O-O Be7 6.Re1 d6 7.h3 b5 8.Bb3 O-O 9.c3
Na5 10.Bc2 c5 11.d4 cxd4 12.cxd4 h6 13.Qe2 exd4 14.Nxd4 Qc7 15.Nc3 Nc4 16.Nd5
Nxd5 17.exd5 Bd8 18.Nf5 Bxf5 19.Bxf5 Ne5 20.Bf4 Bf6 21.Rac1 Qd8 22.Rc2 Ng6
23.Bxg6 fxg6 24.Qe6+ Kh7 25.Qxd6 Qxd6 26.Bxd6 Rfd8 27.Re6 Rac8 28.Rxc8 Rxc8
29.Be5 Rc1+ 30.Kh2 Re1 31.Bxf6 {#r} 1-0

[Event "Ch Norway (open)"]
[Site "masterchessopen.com Oslo (Norway)"]
[Date "2006.04.13"]
[Round "6"]
[White "Dannevig Oystein (NOR)"]
[Black "Ekeberg Carl Fredrik (NOR)"]
[Result "1-0"]
[WhiteElo "2333"]
[BlackElo "2334"]

1.e4 e5 2.Nf3 Nc6 3.Bb5 a6 4.Ba4 Nf6 5.O-O Be7 6.Re1 b5 7.Bb3 d6 8.c3 O-O 9.h3
Na5 10.Bc2 c5 11.d4 Nd7 12.Nbd2 exd4 13.cxd4 Nc6 14.a4 Rb8 15.axb5 axb5 16.Nb1
cxd4 17.Nxd4 Nxd4 18.Qxd4 Ne5 19.Nc3 Be6 20.Nd5 Bxd5 21.Qxd5 Rc8 22.Bb1 Rc5
23.Qd1 Bf6 24.Ra6 Qc8 25.Rxd6 Nc4 26.Rxf6 gxf6 27.Bh6 Qe6 28.b3 Ne5 29.Bxf8
Kxf8 30.Qd4 Qc6 31.f4 Rc1 32.Qb4+ {#r} 1-0

[Event "It (open)"]
[Site "masterchessopen.com Malakoff (France)"]
[Date "2006.04.14"]
[Round "8"]
[White "Jablonski Noham (FRA)"]
[Black "Gantner-Kendaoui Ludovic (FRA)"]
[Result "1-0"]
[WhiteElo "2251"]
[BlackElo "2049"]

1.e4 e5 2.Nf3 Nc6 3.Bb5 a6 4.Ba4 Nf6 5.O-O Be7 6.Re1 b5 7.Bb3 d6 8.c3 O-O 9.h3
Na5 10.Bc2 c5 11.d4 Nd7 12.Nbd2 exd4 13.cxd4 Nc6 14.Nf1 Bf6 15.Be3 Qb6 16.e5
dxe5 17.dxc5 Qc7 18.Ng3 Rd8 19.Ne4 Be7 20.Qe2 Nf8 21.Rac1 Be6 22.b3 h6 23.Ng3
Rac8 24.Nf5 Ng6 25.h4 Nf8 26.Be4 Bd5 27.Nd2 Nb4 28.Qg4 {#r} 1-0

[Event "Ch Norway (open) (b)"]
[Site "masterchessopen.com Oslo (Norway)"]
[Date "2006.04.15"]
[Round "6"]
[White "Tjensvoll Tore (NOR)"]
[Black "Hobber Anders (NOR)"]
[Result "1-0"]
[WhiteElo "1954"]
[BlackElo "1938"]

1.e4 e5 2.Nf3 Nc6 3.Bb5 a6 4.Ba4 Nf6 5.O-O Be7 6.Re1 b5 7.Bb3 d6 8.c3 O-O 9.h3
Na5 10.Bc2 c5 11.d4 exd4 12.cxd4 Nd7 13.Nc3 Nc6 14.Nd5 Nb6 15.a4 Nxd5 16.exd5
Nb4 17.axb5 Nxc2 18.Qxc2 Bb7 19.dxc5 Bxd5 20.c6 Bf6 21.c7 Qd7 22.b6 Rae8
23.Bf4 Bxf3 24.gxf3 Rc8 25.Qd3 Qxh3 26.Bxd6 Qd7 27.Rad1 Rfe8 28.Rxe8+ Rxe8
29.b7 {#r} 1-0

[Event "It (open)"]
[Site "masterchessopen.com Southend (England)"]
[Date "2006.04.16"]
[Round "6"]
[White "Kilpatrick Callum (ENG)"]
[Black "Wallis Ian J (ENG)"]
[Result "1-0"]
[WhiteElo "2104"]
[BlackElo "1975"]

1.e4 e5 2.Nf3 Nc6 3.Bb5 a6 4.Ba4 Nf6 5.O-O Be7 6.Re1 b5 7.Bb3 d6 8.c3 O-O 9.h3
Na5 10.Bc2 c5 11.d4 Nd7 12.Nbd2 exd4 13.cxd4 Nc6 14.d5 Nce5 15.Nxe5 Nxe5 16.a4
Rb8 17.axb5 axb5 18.f4 Ng6 19.Nf3 Bh4 20.Rf1 Bg3 21.f5 Ne5 22.Ng5 Bh4 23.f6 g6
24.Qd2 h6 25.Nh7 g5 26.Nxf8 Kxf8 27.Qd1 Kg8 28.Qh5 Qf8 29.Kh2 {#r} 1-0

[Event "Ch Russia (club)"]
[Site "masterchessopen.com Sochi (Russia)"]
[Date "2006.04.24"]
[Round "5"]
[White "Motylev Alexander (RUS)"]
[Black "Mamedyarov Shakhriyar (AZE)"]
[Result "0-1"]
[WhiteElo "2662"]
[BlackElo "2728"]

{ Motylev Alexander (RUS) +1 =0 -0 Mamedyarov Shakhriyar (AZE) +1 =0 -0 } 1.e4
e5 2.Nf3 Nc6 3.Bb5 a6 4.Ba4 Nf6 5.O-O Be7 6.Re1 b5 7.Bb3 d6 8.c3 O-O 9.h3 Na5
10.Bc2 c5 11.d4 Nd7 12.Nbd2 cxd4 13.cxd4 Nc6 14.Nb3 a5 15.Bd3 Ba6 ( 15...Rb8
16.Be3 a4 17.d5 Nb4 18.Nc1 f5 19.exf5 Nxd5 20.Ba7 Rb7 21.Be4 Rxa7 22.Bxd5+ Kh8
23.Nd3 Nf6 24.Nb4 Nxd5 25.Qxd5 Bb7 26.Qd3 a3 27.bxa3 Qa8 28.Re3 Bxf3 29.gxf3
Bg5 30.Re4 Rxa3 31.Qxd6 Rxf3 32.Rae1 R3xf5 33.R1e2 Qa7 34.Nd3 Be7 35.Qd5 {
...0-1, Suetin Alexei S 2327 - Stein Leonid Z 2620 , Moscow 1964 Zt } ) 16.d5
Nb4 { ?/= } 17.Bb1 ( 17.Bf1 a4 18.Nbd4 ( 18.a3 Nxd5 19.Qxd5 axb3 20.Bxb5 Bxb5
21.Qxb5 Rb8 { +0.48 CAP } ) 18...exd4 19.a3 Nxd5 20.exd5 Bf6 21.Nxd4 Nc5
22.Nc6 Qb6 23.Bf4 Rfe8 24.Qc2 Nb3 25.Rad1 Qc7 26.Re4 Rxe4 27.Qxe4 Bxb2 28.Re1
Qd7 29.Qb4 Bf6 30.Bxd6 h6 31.Bd3 Re8 32.Rxe8+ Qxe8 33.Be7 Bb2 34.Qe4 g6 35.Bb4
Qxe4 36.Bxe4 Bf6 { ...1-0, Anand Viswanathan 2771 - Piket Jeroen 2635 , Wijk
aan Zee 1999 It (cat.17) } ) 17...a4 18.Nbd4 ( 18.Nbd2 Bc8 19.Nf1 Na6 20.Ng3
g6 21.Bd3 Rb8 22.Qe2 Qb6 23.Bh6 Re8 24.Be3 Nac5 25.b4 axb3 26.axb3 b4 27.Nd2
Qd8 28.Bb5 Rf8 29.Ra7 Bg5 30.Bc6 Bxe3 31.Qxe3 f5 32.exf5 gxf5 33.Qf3 Qg5
34.Nc4 Qg6 35.Qh5 Rf6 36.Rc7 f4 37.Qxg6+ hxg6 { ...1-0, Smirin Ilia 2480 -
Psakhis Lev 2575 , Sverdlovsk 1987 Ch URS (1 liga) } ) ( 18.a3 Nxd5 19.Qxd5
axb3 20.Qxb3 Nc5 21.Qd1 Bb7 22.Bc2 Qc8 23.Bd2 Bc6 24.Bb4 Na6 25.Bd2 Nc5 26.Qe2
Qb7 27.Rad1 Na4 28.Bb4 Nxb2 29.Rb1 Na4 30.Bd3 Rfc8 31.Rec1 Be8 32.Qe3 h6 33.h4
Kf8 34.g3 Rxc1+ 35.Rxc1 Rc8 36.Re1 Nb2 37.Bb1 Nc4 { ...0-1, Suetin Alexei S
2405 - Graf Alexander 2632 , Moscow 1984 Ch Moscow } ) 18...exd4 19.a3 Nxd5 (
19...Nc5 20.axb4 Nb3 21.Ra3 Nxc1 22.Qxc1 Bf6 23.Qd2 Qb6 24.Rd3 Rac8 25.Nxd4 g6
26.Nc6 Rfe8 27.Rf3 Bg7 28.Bd3 Rc7 29.Qf4 Rd7 30.Re2 Bb7 31.Qe3 Qa6 32.Na7 Bxd5
33.Bxb5 Qb7 34.Bxd7 Rxe4 35.Bc8 Qxb4 36.Qd2 Qxd2 37.Rxd2 Re1+ 38.Kh2 Be5+
39.Rg3 { ...1/2-1/2, Morovic Fernandez Ivan 2470 - Reyes Juan 2457 , Villa
Gesell 1985 Tournament (team) } ) ( 19...Nd3 20.Bxd3 Bf6 21.Bd2 Qb6 22.Bb4
Rac8 23.Qd2 Rfe8 24.Rad1 Ne5 25.Qf4 Nc4 26.Qf5 Ne5 27.Bb1 Ng6 28.Qh5 Rc7
29.Ng5 Nf8 30.Nxh7 Nxh7 31.e5 g6 32.Bxg6 Nf8 33.Bh7+ Nxh7 34.exf6 Nxf6 35.Qg5+
Kh7 36.Qxf6 Rg8 37.Re4 { 1-0, Morovic Fernandez Ivan 2585 - Ziatdinov Raset
2475 , New York 1995 It (open) } ) 20.exd5 Bf6 21.Nxd4 Re8 { N } ( 21...Bxd4
22.Qxd4 Re8 23.Bd2 Qf6 24.Qd3 { 1/2-1/2, Mahling Thomas 2139 - Trenner Rolf
2281 , DDR 1990 corr. } ) ( 21...Ne5 22.Be3 g6 23.Be4 Nc4 24.Nc6 Qd7 25.Bd4
Be5 26.f4 Bxd4+ 27.Qxd4 Rfe8 28.Bd3 Rxe1+ 29.Rxe1 Re8 30.Rxe8+ Qxe8 31.Bxc4
bxc4 32.Qf6 Qe2 33.Kh2 Qf2 34.Ne7+ Kf8 35.Qxd6 Kg7 36.Qe5+ f6 37.Qc7 g5
38.fxg5 { 1-0, Ohtsuki T - Noria Silvestre J, corr. 1992 Olympiad (corr.) } )
( 21...Nc5 22.Bc2 Qd7 23.Be3 Rfe8 24.Qf3 Bb7 25.Bf5 Qd8 26.Nxb5 Bxb2 27.Rab1
Bf6 28.Red1 Nd7 29.Nxd6 { 1-0, Albonius Bengt - Nilsen Mats, Sweden 1992 Ch
Sweden (corr.) } ) 22.Rxe8+ { +0.37 CAP } 22...Qxe8 23.Bc2 g6 24.Bf4 Rc8
25.Rc1 Nb6 26.Bxd6 { ?! } ( 26.Bh6 { !? } 26...Bb7 27.Qd2 Nc4 28.Qf4 Be5
29.Qg4 Bxd5 30.Bd3 Rc5 31.Rc2 Qd8 { } ) 26...Qd8 27.Bf4 Qxd5 28.Be3 Nc4 29.b3
Nxe3 30.fxe3 Bxd4 { } {#R} 0-1

[Event "Tournament (team) (juniors)"]
[Site "masterchessopen.com Evpatoria (Ukraine)"]
[Date "2006.05.05"]
[Round "2"]
[White "Zherebukh Yaroslav (UKR)"]
[Black "Kravtsiv Martyn (UKR)"]
[Result "1-0"]
[WhiteElo "2321"]
[BlackElo "2446"]

1.e4 e5 2.Nf3 Nc6 3.Bb5 a6 4.Ba4 Nf6 5.O-O Be7 6.Re1 b5 7.Bb3 d6 8.c3 O-O 9.h3
Na5 10.Bc2 c5 11.d4 Nd7 12.Nbd2 exd4 13.cxd4 Nc6 14.d5 Nce5 15.Nh2 Nb6 16.f4
Ng6 17.Ndf1 f5 18.Qh5 Bh4 19.g3 Bf6 20.Nf3 Nh8 21.exf5 Nxd5 22.g4 Qc7 23.g5
Bb7 24.Be4 Bd8 25.Ng3 Nb4 26.Bd2 Bxe4 27.Rxe4 Nd3 28.Re8 Be7 29.Rxa8 Rxa8
30.g6 h6 31.f6 {#r} 1-0

[Event "It (open) (seniors)"]
[Site "masterchessopen.com Triesen (Liechtenstein)"]
[Date "2006.05.25"]
[Round "7"]
[White "Klovans Janis (LAT)"]
[Black "Straub Peter (GER)"]
[Result "1-0"]
[WhiteElo "2436"]
[BlackElo "2115"]

1.e4 e5 2.Nf3 Nc6 3.Bb5 a6 4.Ba4 Nf6 5.O-O Be7 6.Re1 b5 7.Bb3 d6 8.c3 O-O 9.h3
Na5 10.Bc2 c5 11.d4 cxd4 12.cxd4 exd4 13.Nxd4 Bb7 14.Nf5 Re8 15.Bg5 h6 16.Bf4
Nc4 17.Nd2 Ne5 18.Nf1 Bf8 19.N1g3 Kh7 20.Qd2 Rc8 21.Rad1 g6 22.Ne3 Qc7 23.Bb1
Qb8 24.h4 Qa8 25.f3 Rcd8 26.h5 Bg7 27.Kh1 a5 28.Nd5 Nxd5 29.exd5 Rc8 30.Bxe5
Bxe5 31.f4 Bf6 32.hxg6+ fxg6 33.Nh5 {#r} 1-0